000 00713nam a2200253 a 4500
008
020 _a0881672467 (hbk.)
049 _aMAIN
090 _aRC392
_bMAN.
245 0 4 _aThe Management of headache /
_ceditor, F. Clifford Rose.
260 _aNew York :
_bRaven Press,
_cc1988.
300 _ax, 182 p. :
_bill. ;
_c25 cm.
500 _aIncludes index.
504 _aIncludes bibliographical references..
650 0 _aMigraine.
650 0 _aHeadache.
650 _aCluster headache.
700 _aRose, F. Clifford.
907 _a.b10153391
_b14-02-11
_c23-02-05
003
005 20230120203846.0
040 _cNUST
942 _cBOOKS
_kRC392
_mMAN.
999 _c112736
_d112736